[Event "Steyr Landesliga 2122"]
[Site "Austria"]
[Date "2021.10.16"]
[Round "1.2"]
[White "Csiszar, Zoltan"]
[Black "Schreiner, Till"]
[Result "1/2-1/2"]
[WhiteElo "2224"]
[BlackElo "2333"]
[PlyCount "140"]
[EventDate "2021.10.16"]
[EventType "team-tourn"]
[EventRounds "11"]
[EventCountry "AUT"]
[SourceTitle "EXT 2023"]
[Source "ChessBase"]
[SourceDate "2022.10.05"]
[SourceVersion "1"]
[SourceVersionDate "2022.10.05"]
[SourceQuality "1"]
[WhiteTeam "Feldbach Kirchberg"]
[BlackTeam "Graz Styria"]
[WhiteTeamCountry "AUT"]
[BlackTeamCountry "AUT"]

1. d4 Nf6 2. c4 g6 3. Nc3 Bg7 4. e4 d6 5. Nf3 0-0 6. Be2 e5 7. 0-0 Nc6 8. d5 Ne7 9. b4 Nh5 10. g3 f5 11. Ng5 Nf6 12. f3 f4 13. Kg2 c6 14. Qb3 h6 15. Ne6 Bxe6 16. dxe6 Qc8 17. Rd1 Rd8 18. Ba3 Qxe6 19. Rd2 Kh7 20. g4 Rd7 21. Rad1 Rad8 22. Kh1 Bf8 23. Bf1 Kg7 24. h3 Ne8 25. Bb2 Nc7 26. b5 c5 27. b6 axb6 28. Qxb6 Nc6 29. Ne2 Na8 30. Qb5 Kh7 31. Kg2 Rb8 32. Nc3 Nd4 33. Qa4 Nc7 34. Nd5 Nxd5 35. cxd5 Qe7 36. Bxd4 exd4 37. Bb5 Rc7 38. Kh2 Bg7 39. Qc4 Ra8 40. a4 Be5 41. Rg2 Bf6 42. Kg1 Kg7 43. Kf1 Rcc8 44. Ke2 Qc7 45. Kd3 Rh8 46. Rh1 g5 47. Rhg1 Kf7 48. Rb1 Ke7 49. Rgb2 Ra7 50. Bc6 bxc6 51. dxc6 Qxc6 52. Rb6 Qd7 53. a5 Rc8 54. a6 Rac7 55. Rb7 Be5 56. Rxc7 Rxc7 57. Rb8 d5 58. exd5 Ra7 59. Rb6 Bd6 60. Kd2 Qc7 61. Qb5 c4 62. Rc6 Qb8 63. Rb6 Qc8 64. Rc6 Qb8 65. Rb6 c3+ 66. Kc2 Qc7 67. Rc6 Qb8 68. Rb6 Qc7 69. Rc6 Qb8 70. Rb6 Qc7 1/2-1/2

[Event "HUN-chT2 Charousek 1718"]
[Site "Hungary"]
[Date "2018.03.25"]
[Round "8.10"]
[White "Buzeti, Jernej"]
[Black "Csiszar, Zoltan"]
[Result "1/2-1/2"]
[WhiteElo "2196"]
[BlackElo "2259"]
[PlyCount "56"]
[EventDate "2017.10.29"]
[EventType "team-tourn"]
[EventRounds "9"]
[EventCountry "HUN"]
[SourceTitle "EXT 2020"]
[Source "ChessBase"]
[SourceDate "2019.10.17"]
[SourceVersion "1"]
[SourceVersionDate "2019.10.17"]
[SourceQuality "1"]
[WhiteTeam "Szentgotthard Alsoszolnok"]
[BlackTeam "Csuti Hydro"]
[WhiteTeamCountry "HUN"]
[BlackTeamCountry "HUN"]

1. e4 c6 2. d4 d5 3. Nd2 dxe4 4. Nxe4 Bf5 5. Ng3 Bg6 6. h4 h6 7. h5 Bh7 8. Nf3 Nd7 9. Bd3 Bxd3 10. Qxd3 e6 11. Bd2 Qc7 12. 0-0-0 Ngf6 13. Kb1 0-0-0 14. c4 Bd6 15. Ne4 Nxe4 16. Qxe4 c5 17. Bc3 Nf6 18. Qe2 Rhe8 19. Ne5 cxd4 20. Bxd4 Bxe5 21. Bxe5 Qc5 22. b3 Rxd1+ 23. Rxd1 Rd8 24. Rxd8+ Kxd8 25. Bxf6+ gxf6 26. Qf3 Qd4 27. Qxb7 Qd1+ 28. Kb2 Qd2+ 1/2-1/2

[Event "HUN-chT2 Charousek 1718"]
[Site "Hungary"]
[Date "2018.03.04"]
[Round "7.9"]
[White "Lovas, Zsolt"]
[Black "Csiszar, Zoltan"]
[Result "0-1"]
[WhiteElo "1968"]
[BlackElo "2259"]
[PlyCount "146"]
[EventDate "2017.10.29"]
[EventType "team-tourn"]
[EventRounds "9"]
[EventCountry "HUN"]
[SourceTitle "EXT 2020"]
[Source "ChessBase"]
[SourceDate "2019.10.17"]
[SourceVersion "1"]
[SourceVersionDate "2019.10.17"]
[SourceQuality "1"]
[WhiteTeam "Penzugyor"]
[BlackTeam "Csuti Hydro"]
[WhiteTeamCountry "HUN"]
[BlackTeamCountry "HUN"]

1. e4 c6 2. d4 d5 3. exd5 cxd5 4. Bd3 Nc6 5. c3 g6 6. Nf3 Bg7 7. 0-0 Nh6 8. Re1 0-0 9. Bf4 Bf5 10. Qd2 Bxd3 11. Qxd3 Qd7 12. Nbd2 Rad8 13. Re2 Qf5 14. Qxf5 Nxf5 15. Rae1 Nd6 16. Ne5 Nb8 17. h3 Rfe8 18. Kf1 b6 19. Nef3 Kf8 20. Bg5 Nc8 21. Bf4 Nc6 22. Ne5 Nxe5 23. Bxe5 e6 24. Bxg7+ Kxg7 25. h4 Nd6 26. g3 Rc8 27. Kg2 Re7 28. Kf3 Nf5 29. Nf1 b5 30. a3 a5 31. Ne3 Rb7 32. Nxf5+ gxf5 33. Rc1 b4 34. axb4 axb4 35. Rec2 Rc4 36. Ke3 bxc3 37. bxc3 Kf6 38. Ra1 Rb3 39. Kd3 Rb8 40. Ra6 Rg8 41. Ra1 f4 42. Rg1 Kf5 43. Re2 Rg4 44. Re5+ Kf6 45. Rh5 Kg6 46. Re5 Ra4 47. Re2 Ra6 48. Ree1 Kf6 49. Re5 Ra2 50. Re2 Ra8 51. Re5 Rag8 52. Rg5 R4xg5 53. hxg5+ Rxg5 54. Ke2 fxg3 55. fxg3 Rf5 56. Rh1 Kg6 57. Rh4 h6 58. Rh1 Rh5 59. Rg1 Rh2+ 60. Ke3 Rc2 61. Kd3 Ra2 62. Ke3 Kg5 63. Kd3 h5 64. Rf1 Rg2 65. Rxf7 Rxg3+ 66. Kd2 h4 67. Rg7+ Kf4 68. Rh7 h3 69. Rh6 Kf3 70. Rxe6 h2 71. Rh6 Kg2 72. c4 dxc4 73. d5 h1Q 0-1

[Event "HUN-chT 1617"]
[Site "Hungary"]
[Date "2017.01.29"]
[Round "5.11"]
[White "Csiszar, Zoltan"]
[Black "Farkas, Richard"]
[Result "1/2-1/2"]
[WhiteElo "2288"]
[BlackElo "2299"]
[PlyCount "28"]
[EventDate "2016.10.30"]
[EventType "team-tourn"]
[EventRounds "9"]
[EventCountry "HUN"]
[SourceTitle "EXT 2018"]
[Source "ChessBase"]
[SourceDate "2017.10.13"]
[SourceVersion "1"]
[SourceVersionDate "2017.10.13"]
[SourceQuality "1"]
[WhiteTeam "Csuti"]
[BlackTeam "Kobanya Aquarena"]
[WhiteTeamCountry "HUN"]
[BlackTeamCountry "HUN"]

1. d4 Nf6 2. c4 d6 3. Nf3 Nbd7 4. Nc3 e5 5. e3 g6 6. b3 Bg7 7. Bb2 0-0 8. Be2 Re8 9. h3 exd4 10. Nxd4 Nc5 11. Qc2 Nfe4 12. Nxe4 Nxe4 13. Bf3 Ng5 14. Be2 a6 1/2-1/2

[Event "HUN-chT 1617"]
[Site "Hungary"]
[Date "2016.11.27"]
[Round "3.11"]
[White "Csiszar, Zoltan"]
[Black "Flumbort, Andras"]
[Result "1/2-1/2"]
[WhiteElo "2288"]
[BlackElo "2446"]
[PlyCount "34"]
[EventDate "2016.10.30"]
[EventType "team-tourn"]
[EventRounds "9"]
[EventCountry "HUN"]
[SourceTitle "EXT 2018"]
[Source "ChessBase"]
[SourceDate "2017.10.13"]
[SourceVersion "1"]
[SourceVersionDate "2017.10.13"]
[SourceQuality "1"]
[WhiteTeam "Csuti"]
[BlackTeam "Aquaprofit"]
[WhiteTeamCountry "HUN"]
[BlackTeamCountry "HUN"]

1. d4 Nf6 2. c4 g6 3. Nc3 d5 4. cxd5 Nxd5 5. e4 Nxc3 6. bxc3 Bg7 7. Bc4 c5 8. Ne2 Nc6 9. Be3 0-0 10. 0-0 Na5 11. Bd3 b6 12. Rc1 e5 13. dxc5 Be6 14. c4 f5 15. exf5 gxf5 16. f3 Rf7 17. Qc2 bxc5 1/2-1/2

[Event "HUN-chT 1617"]
[Site "Hungary"]
[Date "2016.11.13"]
[Round "2.12"]
[White "Csiszar, Zoltan"]
[Black "Lakos, Nikoletta"]
[Result "1/2-1/2"]
[WhiteElo "2288"]
[BlackElo "2283"]
[PlyCount "41"]
[EventDate "2016.10.30"]
[EventType "team-tourn"]
[EventRounds "9"]
[EventCountry "HUN"]
[SourceTitle "CBM 175 Extra"]
[Source "ChessBase"]
[SourceDate "2016.12.12"]
[SourceVersion "1"]
[SourceVersionDate "2016.12.12"]
[SourceQuality "1"]
[WhiteTeam "Csuti"]
[BlackTeam "HVSE Infraplan"]
[WhiteTeamCountry "HUN"]
[BlackTeamCountry "HUN"]

1. d4 d6 2. Nf3 Bg4 3. Bf4 Nd7 4. Nbd2 Ngf6 5. c3 Nh5 6. g3 c6 7. h3 Bf5 8. Be3 Nhf6 9. Nh4 Bg6 10. Nxg6 hxg6 11. Bg2 d5 12. 0-0 e6 13. Bg5 Qb6 14. b4 Bd6 15. e4 Nxe4 16. Nxe4 dxe4 17. Bxe4 Nf6 18. Bg2 a5 19. a3 axb4 20. axb4 0-0 21. Qf3 1/2-1/2

[Event "HUN-chT2 Charousek 1415"]
[Site "Hungary"]
[Date "2015.02.08"]
[Round "6"]
[White "Vargyas, Zoltan"]
[Black "Csiszar, Zoltan"]
[Result "0-1"]
[WhiteElo "2071"]
[BlackElo "2267"]
[PlyCount "98"]
[EventDate "2014.10.12"]
[EventType "team-tourn"]
[EventRounds "9"]
[EventCountry "HUN"]
[SourceTitle "EXT 2016"]
[Source "ChessBase"]
[SourceDate "2015.10.08"]
[SourceVersion "1"]
[SourceVersionDate "2015.10.08"]
[SourceQuality "1"]
[WhiteTeam "Balatonfuered"]
[BlackTeam "Csuti"]
[WhiteTeamCountry "HUN"]
[BlackTeamCountry "HUN"]

1. e4 c6 2. d4 d5 3. e5 Bf5 4. h4 h5 5. c4 dxc4 6. Bxc4 e6 7. Nc3 Nd7 8. Nge2 Nb6 9. Bd3 Bxd3 10. Qxd3 Nd5 11. Bg5 Qd7 12. 0-0-0 f6 13. exf6 gxf6 14. Nxd5 cxd5 15. Bd2 Bd6 16. Kb1 Qh7 17. Qxh7 Rxh7 18. Rc1 Ne7 19. Bf4 Kd7 20. Kc2 Nc6 21. Rhd1 e5 22. Bg3 Ke6 23. Kb1 Rg7 24. Re1 Kf5 25. Rcd1 Bb4 26. Rg1 Rd8 27. a3 Ba5 28. b4 Bb6 29. dxe5 fxe5 30. Rge1 d4 31. Rd2 a6 32. Red1 Rg4 33. Kb2 e4 34. f3 Rgg8 35. fxe4+ Kxe4 36. Be1 Ne5 37. Kb3 Rxg2 38. Nc3+ Kf3 39. Rxg2 Kxg2 40. Na4 Ba7 41. Nc5 Bxc5 42. bxc5 Kf3 43. Bd2 Ke2 44. Re1+ Kxd2 45. Rxe5 d3 46. Kb2 Kd1 47. Rg5 d2 48. Rxh5 Ke2 49. Re5+ Kd3 0-1

[Event "HUN-chT 1314"]
[Site "Hungary"]
[Date "2013.11.03"]
[Round "4"]
[White "Juhasz, Barbara"]
[Black "Csiszar, Zoltan"]
[Result "1/2-1/2"]
[WhiteElo "2169"]
[BlackElo "2271"]
[PlyCount "45"]
[EventDate "2013.09.08"]
[EventType "team-tourn"]
[EventRounds "9"]
[EventCountry "HUN"]
[SourceTitle "EXT 2015"]
[Source "ChessBase"]
[SourceDate "2014.11.20"]
[SourceVersion "1"]
[SourceVersionDate "2014.11.20"]
[SourceQuality "1"]
[WhiteTeam "Mako"]
[BlackTeam "Csuti"]
[WhiteTeamCountry "HUN"]
[BlackTeamCountry "HUN"]

1. e4 c6 2. d4 d5 3. Nc3 dxe4 4. Nxe4 Bf5 5. Ng3 Bg6 6. Bc4 e6 7. N1e2 Bd6 8. h4 h6 9. Nf4 Bxf4 10. Bxf4 Nf6 11. h5 Bh7 12. Qe2 b5 13. Bb3 0-0 14. Rd1 Nbd7 15. 0-0 Nb6 16. Be5 Nbd5 17. c4 bxc4 18. Bxc4 Nd7 19. Qg4 N7f6 20. Qe2 Nd7 21. Qg4 N7f6 22. Qf3 Nd7 23. Qg4 1/2-1/2

[Event "HUN-chT2 Charousek 1213"]
[Site "Hungary"]
[Date "2013.04.21"]
[Round "11"]
[White "Csiszar, Zoltan"]
[Black "Rovid, Kalman"]
[Result "1-0"]
[WhiteElo "2251"]
[BlackElo "2242"]
[PlyCount "101"]
[EventDate "2012.09.16"]
[EventType "team-tourn"]
[EventRounds "11"]
[EventCountry "HUN"]
[SourceTitle "EXT 2014"]
[Source "ChessBase"]
[SourceDate "2013.11.20"]
[SourceVersion "1"]
[SourceVersionDate "2013.11.20"]
[SourceQuality "1"]
[WhiteTeam "Csuti"]
[BlackTeam "Haladas II"]
[WhiteTeamCountry "HUN"]
[BlackTeamCountry "HUN"]

1. d4 Nf6 2. c4 c5 3. d5 b5 4. cxb5 a6 5. f3 axb5 6. e4 Qa5+ 7. b4 Qxb4+ 8. Bd2 Qa4 9. Qc1 b4 10. Qxc5 Na6 11. Qd4 d6 12. a3 Nc5 13. Qxb4 Qa7 14. Nc3 Ba6 15. Nb5 Qb7 16. Rb1 Nfd7 17. Nh3 e5 18. Be2 Be7 19. 0-0 0-0 20. Nf2 Rfc8 21. Ng4 Rab8 22. Ne3 g6 23. a4 Nb6 24. a5 Na8 25. Qa3 Qd7 26. Nc3 Bxe2 27. Nxe2 Nc7 28. Nc3 Bg5 29. Nc4 Bxd2 30. Nxd2 Nb5 31. Nxb5 Rxb5 32. Nc4 Rcb8 33. Rxb5 Rxb5 34. Rc1 Rb3 35. Qa2 Rb4 36. h3 h5 37. Rb1 Qb5 38. Rxb4 Qxb4 39. Qe2 Qb5 40. Kh2 Nb3 41. Qc2 Nd4 42. Qd3 Qc5 43. a6 Nb5 44. Qb3 h4 45. a7 Nxa7 46. Qb8+ Nc8 47. Nxd6 Qxd6 48. Qxc8+ Kg7 49. Qc6 Qb4 50. Qc7 Qd4 51. Qe7 1-0

[Event "HUN-chT2 Charousek 1213"]
[Site "Hungary"]
[Date "2012.12.02"]
[Round "5"]
[White "Csiszar, Zoltan"]
[Black "Toth, Jozsef2222"]
[Result "1-0"]
[WhiteElo "2251"]
[BlackElo "2184"]
[PlyCount "111"]
[EventDate "2012.09.16"]
[EventType "team-tourn"]
[EventRounds "11"]
[EventCountry "HUN"]
[SourceTitle "EXT 2014"]
[Source "ChessBase"]
[SourceDate "2013.11.20"]
[SourceVersion "1"]
[SourceVersionDate "2013.11.20"]
[SourceQuality "1"]
[WhiteTeam "Csuti"]
[BlackTeam "Gyor"]
[WhiteTeamCountry "HUN"]
[BlackTeamCountry "HUN"]

1. d4 d5 2. c4 c6 3. e3 Nf6 4. Nc3 e6 5. Nf3 Nbd7 6. Qc2 Bd6 7. b3 0-0 8. Be2 Re8 9. 0-0 b6 10. Bb2 Bb7 11. Rad1 Qe7 12. a4 a6 13. e4 dxe4 14. Nxe4 Bb4 15. Ne5 Nxe4 16. Qxe4 Nxe5 17. dxe5 Rad8 18. Bf3 Rxd1 19. Rxd1 Rd8 20. Rxd8+ Qxd8 21. Bc1 Bc5 22. Be3 Bxe3 23. fxe3 a5 24. Kf2 g6 25. Qd4 Qxd4 26. exd4 Kf8 27. Ke3 Ke7 28. c5 bxc5 29. dxc5 Kd7 30. h4 h6 31. Kd4 Bc8 32. h5 g5 33. Be4 Kc7 34. Bg6 Bd7 35. Bxf7 Kb7 36. Kc3 Ka7 37. b4 axb4+ 38. Kxb4 Kb7 39. Bg6 Ka7 40. Bd3 Kb7 41. a5 Ka7 42. a6 Bc8 43. Ka5 Bd7 44. Be4 Be8 45. Bg6 Bd7 46. Bf7 Bc8 47. Be8 Bxa6 48. Bxc6 Bc4 49. Bf3 Bd3 50. Kb4 Kb8 51. Bg4 Bf5 52. Bxf5 exf5 53. Kc4 f4 54. Kd4 g4 55. Ke4 f3 56. Ke3 1-0

[Event "HUN-chT2 Charousek 1213"]
[Site "Hungary"]
[Date "2012.11.04"]
[Round "3"]
[White "Pinterne, Kovacs Marta"]
[Black "Csiszar, Zoltan"]
[Result "0-1"]
[WhiteElo "2136"]
[BlackElo "2251"]
[PlyCount "74"]
[EventDate "2012.09.16"]
[EventType "team-tourn"]
[EventRounds "11"]
[EventCountry "HUN"]
[SourceTitle "EXT 2014"]
[Source "ChessBase"]
[SourceDate "2013.11.20"]
[SourceVersion "1"]
[SourceVersionDate "2013.11.20"]
[SourceQuality "1"]
[WhiteTeam "Alsoszolnok"]
[BlackTeam "Csuti"]
[WhiteTeamCountry "HUN"]
[BlackTeamCountry "HUN"]

1. d4 Nf6 2. Nf3 e6 3. c4 b6 4. a3 Ba6 5. e3 Bb7 6. Nc3 d5 7. Be2 Be7 8. 0-0 0-0 9. b3 Nbd7 10. Bb2 a6 11. Ne5 Bd6 12. f4 c5 13. Bf3 cxd4 14. exd4 Ne4 15. b4 Qc7 16. Bxe4 dxe4 17. Nxd7 Qxd7 18. d5 Rad8 19. Qd4 f6 20. Qxe4 Rfe8 21. Qd3 Bb8 22. Rad1 exd5 23. Nxd5 Kh8 24. Qc3 Qc6 25. Qh3 b5 26. cxb5 axb5 27. Ne7 Qb6+ 28. Kh1 Rxe7 29. Qf5 Rde8 30. Bd4 Qc6 31. Qg4 Re2 32. Rg1 Bxf4 33. h4 Bb8 34. h5 Qc7 35. Qh4 R8e4 36. Qh3 Bc8 37. Bxf6 gxf6 0-1

[Event "HUN-chT 1112"]
[Site "Hungary"]
[Date "2012.05.20"]
[Round "11"]
[White "Csiszar, Zoltan"]
[Black "Fodor, Tamas Jr"]
[Result "0-1"]
[WhiteElo "2272"]
[BlackElo "2476"]
[PlyCount "116"]
[EventDate "2011.09.25"]
[EventType "team-tourn"]
[EventRounds "11"]
[EventCountry "HUN"]
[SourceTitle "EXT 2013"]
[Source "ChessBase"]
[SourceDate "2012.11.22"]
[SourceVersion "1"]
[SourceVersionDate "2012.11.22"]
[SourceQuality "1"]
[WhiteTeam "Csuti"]
[BlackTeam "Paks"]
[WhiteTeamCountry "HUN"]
[BlackTeamCountry "HUN"]

1. d4 d5 2. c4 dxc4 3. Nf3 a6 4. e3 Bg4 5. Bxc4 e6 6. 0-0 Nc6 7. b3 Nf6 8. Bb2 Bd6 9. Nbd2 0-0 10. Be2 Re8 11. Nc4 Bf8 12. Rc1 Bf5 13. Nce5 Nxe5 14. Nxe5 c6 15. Bf3 Rc8 16. Qe2 Be4 17. Bxe4 Nxe4 18. Qf3 Nd6 19. Ba3 f6 20. Bxd6 Bxd6 21. Nd3 Qa5 22. Rc2 Rcd8 23. Qe2 Qb5 24. Re1 e5 25. dxe5 Bxe5 26. Nxe5 Qxe2 27. Rcxe2 Rxe5 28. e4 a5 29. f3 Kf7 30. Kf2 Rc5 31. Ke3 Rc3+ 32. Kf4 Ke6 33. h4 b5 34. Rf2 Rd4 35. Ree2 a4 36. Rc2 Rxc2 37. Rxc2 Kd6 38. Ke3 c5 39. h5 Kc6 40. Kf4 g6 41. bxa4 Rxa4 42. g4 Ra3 43. hxg6 hxg6 44. Rf2 c4 45. g5 fxg5+ 46. Kxg5 b4 47. e5 Kd5 48. f4 Ra6 49. Rd2+ Ke4 50. Rd6 Rxa2 51. e6 Ra8 52. Rb6 b3 53. Rb4 Kd5 54. Kxg6 Kxe6 55. f5+ Kd5 56. f6 Kd4 57. f7 Kc3 58. Ra4 Rf8 0-1

[Event "HUN-chT 1011"]
[Site "Hungary"]
[Date "2011.05.15"]
[Round "11"]
[White "Csonka, Balazs"]
[Black "Csiszar, Zoltan"]
[Result "1/2-1/2"]
[WhiteElo "2263"]
[BlackElo "2276"]
[PlyCount "35"]
[EventDate "2010.10.10"]
[EventType "team-tourn"]
[EventRounds "11"]
[EventCountry "HUN"]
[SourceTitle "EXT 2012"]
[Source "ChessBase"]
[SourceDate "2011.11.24"]
[SourceVersion "1"]
[SourceVersionDate "2011.11.24"]
[SourceQuality "1"]
[WhiteTeam "Mako"]
[BlackTeam "Csuti"]
[WhiteTeamCountry "HUN"]
[BlackTeamCountry "HUN"]

1. e4 c6 2. d4 d5 3. Nc3 dxe4 4. Nxe4 Nf6 5. Nxf6+ gxf6 6. c3 Bf5 7. Nf3 e6 8. Bf4 Bd6 9. Bg3 Qc7 10. Bd3 Bg6 11. Qc2 Nd7 12. 0-0-0 0-0-0 13. Rhe1 Bh5 14. Be2 Bg6 15. Bd3 Bh5 16. Be2 Bg6 17. Bd3 Bh5 18. Be2 1/2-1/2

[Event "HUN-chT 1011"]
[Site "Hungary"]
[Date "2011.03.27"]
[Round "7"]
[White "Gyorkos, Lajos"]
[Black "Csiszar, Zoltan"]
[Result "1-0"]
[WhiteElo "2388"]
[BlackElo "2276"]
[PlyCount "129"]
[EventDate "2010.10.10"]
[EventType "team-tourn"]
[EventRounds "11"]
[EventCountry "HUN"]
[SourceTitle "EXT 2012"]
[Source "ChessBase"]
[SourceDate "2011.11.24"]
[SourceVersion "1"]
[SourceVersionDate "2011.11.24"]
[SourceQuality "1"]
[WhiteTeam "Paks"]
[BlackTeam "Csuti"]
[WhiteTeamCountry "HUN"]
[BlackTeamCountry "HUN"]

1. Nf3 Nf6 2. g3 d5 3. Bg2 c6 4. 0-0 Bg4 5. c4 e6 6. d3 Nbd7 7. Nc3 Bxf3 8. exf3 Be7 9. f4 Nb6 10. b3 0-0 11. Bb2 a5 12. Qc2 Nc8 13. Ne2 Nd6 14. Rab1 Nd7 15. Rfe1 Nf5 16. Bh3 Bb4 17. Rec1 Nf6 18. c5 Nd7 19. d4 a4 20. bxa4 Ra7 21. Bxf5 exf5 22. Qxf5 Re8 23. Qc2 Qe7 24. Bc3 Qxe2 25. Rxb4 Qxc2 26. Rxc2 Re7 27. a5 f5 28. a6 bxa6 29. Rcb2 Nf6 30. Rb6 Rec7 31. Ba5 Kf7 32. Kg2 Nd7 33. Re2 Rc8 34. Rb3 Nf6 35. Reb2 Nd7 36. f3 g6 37. Kf2 Rca8 38. Ke2 Rc8 39. Kd3 Rca8 40. Rb7 Ke8 41. Bc7 Rxb7 42. Rxb7 a5 43. a4 Ra6 44. Kc3 Ra8 45. Kc2 Ra6 46. Bd6 Ra8 47. Rc7 Ra6 48. Rc8+ Kf7 49. Rh8 Nf6 50. Be5 h5 51. Rd8 Ne8 52. Rd7+ Ke6 53. Rb7 Ra8 54. Kd3 Ra6 55. Ke2 Ra8 56. Kf2 Ra6 57. Kg2 Ra8 58. Kh3 Rc8 59. Kh4 Nf6 60. Rg7 Nd7 61. Rxg6+ Ke7 62. Bd6+ Kf7 63. Rh6 Kg7 64. Re6 Nf8 65. Bxf8+ 1-0

[Event "HUN-chT 1011"]
[Site "Hungary"]
[Date "2011.01.30"]
[Round "5"]
[White "Rigo, Janos"]
[Black "Csiszar, Zoltan"]
[Result "1/2-1/2"]
[WhiteElo "2313"]
[BlackElo "2276"]
[PlyCount "124"]
[EventDate "2010.10.10"]
[EventType "team-tourn"]
[EventRounds "11"]
[EventCountry "HUN"]
[SourceTitle "EXT 2012"]
[Source "ChessBase"]
[SourceDate "2011.11.24"]
[SourceVersion "1"]
[SourceVersionDate "2011.11.24"]
[SourceQuality "1"]
[WhiteTeam "Honved"]
[BlackTeam "Csuti"]
[WhiteTeamCountry "HUN"]
[BlackTeamCountry "HUN"]

1. e4 c6 2. d4 d5 3. e5 c5 4. Bb5+ Bd7 5. Bxd7+ Qxd7 6. dxc5 e6 7. Be3 Qc7 8. Nf3 Bxc5 9. Bxc5 Qxc5 10. Nc3 Ne7 11. 0-0 Nd7 12. a4 a6 13. Re1 Rc8 14. Ra3 0-0 15. Rb3 Qc7 16. Ne2 Ng6 17. Ned4 Nc5 18. Rb4 Ne7 19. c3 Ne4 20. Nd2 Ng6 21. Nxe4 dxe4 22. Rxe4 Nxe5 23. Qe2 Ng6 24. h4 Nf4 25. Qf3 Nd5 26. Rb3 b6 27. Rg4 Qe5 28. Re4 Qc7 29. h5 h6 30. g3 Kh8 31. Kg2 Rb8 32. Nc2 Qc5 33. Qe2 Nf6 34. Reb4 Nxh5 35. Ne3 Rfd8 36. Rc4 Qg5 37. Rg4 Qc5 38. Rd4 Nf6 39. Rc4 Qe5 40. Rc6 Ne4 41. Rb4 Rd2 42. Ng4 Rxe2 43. Nxe5 Rxf2+ 44. Kg1 Re2 45. Nxf7+ Kg8 46. Rxe6 Nxg3 47. Nxh6+ Kh7 48. Nf7 Rf8 49. Ng5+ Kg8 50. Rxe2 Nxe2+ 51. Kg2 Nf4+ 52. Kg3 Nd5 53. Rd4 Rf5 54. Kg4 g6 55. Nf3 Kg7 56. Kg3 Kf7 57. c4 Nf6 58. b3 Ke7 59. Nh4 Rg5+ 60. Kf3 Rg1 61. Kf2 Rg5 62. Nf3 Rh5 1/2-1/2

[Event "HUN-chT 1011"]
[Site "Hungary"]
[Date "2010.11.20"]
[Round "3"]
[White "Csiszar, Zoltan"]
[Black "Emodi, Barnabas"]
[Result "1/2-1/2"]
[WhiteElo "2276"]
[BlackElo "2369"]
[PlyCount "55"]
[EventDate "2010.10.10"]
[EventType "team-tourn"]
[EventRounds "11"]
[EventCountry "HUN"]
[SourceTitle "EXT 2012"]
[Source "ChessBase"]
[SourceDate "2011.11.24"]
[SourceVersion "1"]
[SourceVersionDate "2011.11.24"]
[SourceQuality "1"]
[WhiteTeam "Csuti"]
[BlackTeam "Penzugyor"]
[WhiteTeamCountry "HUN"]
[BlackTeamCountry "HUN"]

1. d4 Nf6 2. c4 e6 3. Nc3 d5 4. Nf3 Be7 5. cxd5 exd5 6. Bf4 c6 7. e3 Bg4 8. Bd3 Nbd7 9. Qc2 Nf8 10. Ne5 Bh5 11. h3 Bg6 12. Nxg6 hxg6 13. 0-0 Bd6 14. Rfe1 Ne6 15. Be5 Bxe5 16. dxe5 Nd7 17. f4 0-0 18. Rad1 Ndc5 19. Qf2 Nxd3 20. Rxd3 Qb6 21. g3 Rad8 22. Red1 Nc5 23. Rd4 Ne6 24. R4d3 Nc5 25. Rd4 Ne6 26. R4d3 Nc5 27. Rd4 Ne6 28. R4d3 1/2-1/2

[Event "Szombathely op"]
[Site "Szombathely"]
[Date "2010.08.01"]
[Round "6"]
[White "Tomasic, Roland"]
[Black "Csiszar, Zoltan"]
[Result "1-0"]
[WhiteElo "2125"]
[BlackElo "2288"]
[PlyCount "43"]
[EventDate "2010.07.27"]
[EventType "swiss"]
[EventRounds "7"]
[EventCountry "HUN"]
[SourceTitle "CBM 137 Extra"]
[Source "ChessBase"]
[SourceDate "2010.09.01"]
[SourceVersion "1"]
[SourceVersionDate "2010.09.01"]
[SourceQuality "1"]

1. e4 c6 2. d4 d5 3. e5 Bf5 4. Nc3 e6 5. g4 Bg6 6. Nge2 c5 7. h4 cxd4 8. Nxd4 h5 9. Bb5+ Nd7 10. f4 hxg4 11. f5 Rxh4 12. Rf1 Rh2 13. Qxg4 exf5 14. Bxd7+ Kxd7 15. Nxf5 Bxf5 16. Qxf5+ Kc6 17. Bg5 Be7 18. Bxe7 Nxe7 19. Qxf7 Qd7 20. Qxg7 Rg8 21. Qf6+ Kc7 22. e6 1-0

[Event "HUN-chT2 Charousek 0910"]
[Site "Hungary"]
[Date "2010.04.10"]
[Round "6"]
[White "Banusz, Tamas"]
[Black "Csiszar, Zoltan"]
[Result "1-0"]
[WhiteElo "2514"]
[BlackElo "2275"]
[PlyCount "67"]
[EventDate "2009.11.08"]
[EventType "team-tourn"]
[EventRounds "11"]
[EventCountry "HUN"]
[SourceTitle "EXT 2011"]
[Source "ChessBase"]
[SourceDate "2010.11.26"]
[SourceVersion "1"]
[SourceVersionDate "2010.11.26"]
[SourceQuality "1"]
[WhiteTeam "Pannonpower"]
[BlackTeam "Csuti II"]
[WhiteTeamCountry "HUN"]
[BlackTeamCountry "HUN"]

1. Nf3 Nf6 2. c4 e6 3. g3 d5 4. d4 Be7 5. Bg2 0-0 6. 0-0 dxc4 7. Qc2 a6 8. a4 Nbd7 9. Nbd2 Nd5 10. Nxc4 N7f6 11. Rd1 Bd7 12. Nfe5 Be8 13. Bd2 Rb8 14. Rac1 Nb6 15. b3 Nxc4 16. Nxc4 Nd5 17. Ne5 Rc8 18. Nd3 b6 19. a5 Bb5 20. e4 Nf6 21. Ne5 c5 22. d5 exd5 23. exd5 Bd6 24. Nc6 Qc7 25. axb6 Qxb6 26. Ba5 Qb7 27. Bc3 Nd7 28. Qf5 Rfe8 29. Re1 Nf8 30. Qg4 Ng6 31. h4 f6 32. Re6 Ne5 33. Bxe5 fxe5 34. Rxd6 1-0

[Event "HUN-chT 0910"]
[Site "Hungary"]
[Date "2010.01.31"]
[Round "5"]
[White "Kormos, Adam"]
[Black "Csiszar, Zoltan"]
[Result "1/2-1/2"]
[WhiteElo "2209"]
[BlackElo "2275"]
[PlyCount "41"]
[EventDate "2009.11.08"]
[EventType "team-tourn"]
[EventRounds "11"]
[EventCountry "HUN"]
[SourceTitle "EXT 2011"]
[Source "ChessBase"]
[SourceDate "2010.11.26"]
[SourceVersion "1"]
[SourceVersionDate "2010.11.26"]
[SourceQuality "1"]
[WhiteTeam "BEAC"]
[BlackTeam "Csuti"]
[WhiteTeamCountry "HUN"]
[BlackTeamCountry "HUN"]

1. e4 c6 2. d4 d5 3. Nc3 dxe4 4. Nxe4 Bf5 5. Ng3 Bg6 6. Nf3 Nd7 7. h4 h6 8. h5 Bh7 9. Bd3 Bxd3 10. Qxd3 e6 11. Bd2 Qc7 12. Ne4 Ngf6 13. 0-0-0 Bd6 14. Kb1 Bf4 15. Bxf4 Qxf4 16. Nxf6+ Qxf6 17. Qa3 Qe7 18. Qa5 Qd8 19. Qa3 Qe7 20. Qa5 Qd8 21. Qa3 1/2-1/2